Top 58 Twitch FR - Statistiques

Statistiques générales
  • Ce quiz a été pris 729 fois
  • Le résultat moyen est 19 sur 58
Statistiques - réponses
Place Nombres
de Followers
Réponse % Correct
1 4.02M Squeezie
97%
2 3.8M Gotaga
92%
5 1.8M Amine
85%
10 1.51M Kameto
75%
11 1.49M Zerator
74%
8 1.59M Doigby
71%
9 1.55M Domingo
69%
17 1.05M Rebeu Deter
69%
4 1.93M Locklear
67%
26 710K Maghla
63%
24 800K Ponce
60%
19 915K Antoine Daniel
58%
21 838K Etoiles
54%
14 1.16M JLTomy
53%
20 857K Joueur du Grenier
53%
23 826K MisterMv
47%
6 1.8M LeBouseuh
44%
13 1.28M Sardoche
44%
58 190K Solary
38%
50 266K Ultia
38%
42 399K Xari
35%
33 557K Little Big Whale
33%
12 1.29M Mickalow
33%
22 828K Terracid
31%
15 1.10M Wankil Studio
29%
18 1M Le Stream
28%
48 314K Baghera Jones
27%
35 523K Moman
27%
54 238K Rivenzi
27%
39 429K Zack Nani
27%
55 231K Mynthos
24%
27 707K Chowh1
23%
7 1.6M The Kairi 78
23%
56 201K Angle Droit
22%
40 442K Pauleta
22%
34 553K Samuel Etienne
21%
38 439K Tonton
21%
30 615K Otplol
19%
25 785K Skyyart
19%
32 559K Linca
17%
31 605K Alphacast
16%
3 2.08M Solary Fortnite
15%
29 664K Bruce Grannec
14%
51 260K Yassencore
14%
52 254K Pape San
12%
16 1.07M Skyroz
11%
43 394K Aypierre
10%
53 248K Chap
10%
28 696K JLBichou
10%
41 416K Alderiate
8%
46 370K Jolavanille
8%
45 386K Rocky
7%
36 509K Bob Lennon
6%
57 200K Lapi
6%
44 392K Minos
4%
49 292K Rocket Baguette
4%
47 366K Never Say Yes
2%
37 506K Jbezz
1%
Aucun quiz correspondant
Distribution des résultats
% des personnes avec chaque résultat
Percentile par nombre de réponses
Votre historique - résultats
Vous n’avez pas pris ce quiz